All 10k+ Cities in the Balkans - Statistics

General Stats
  • This quiz has been taken 158 times
  • The average score is 93 of 514
Answers on the Map
Answers color-coded by a green-red scale on the quiz's map according to % correct below.
 
Answer Stats
Country Population Answer % Correct
Croatia 663,592 Zagreb
89%
Greece 3,146,164 Athens
88%
Serbia 1,197,714 Belgrade
88%
Slovenia 284,293 Ljubljana
87%
Bosnia and Herzegovina 348,363 Sarajevo
87%
Croatia 149,830 Split
85%
Romania 1,716,961 Bucharest
84%
Bulgaria 1,196,806 Sofia
84%
Albania 418,495 Tirana
84%
Serbia 260,438 Novi Sad
83%
Montenegro 173,024 Podgorica
83%
Kosovo 145,149 Priština
81%
North Macedonia 422,540 Skopje
81%
Greece 802,392 Thessaloníki
80%
Croatia 26,922 Dubrovnik
79%
Serbia 178,976 Niš
76%
Croatia 107,964 Rijeka
74%
Bulgaria 314,607 Varna
74%
Bosnia and Herzegovina 135,059 Banja Luka
73%
Romania 286,598 Cluj-Napoca
73%
Slovenia 96,302 Maribor
71%
Bulgaria 325,485 Plovdiv
71%
Albania 113,249 Durrës
69%
Bulgaria 188,114 Burgas
67%
Croatia 67,309 Zadar
67%
Greece 162,600 Heraklion
65%
Bosnia and Herzegovina 60,195 Mostar
65%
Romania 263,688 Constanța
64%
Romania 271,692 Iași
63%
Croatia 52,220 Pula
63%
Greece 196,937 Patras
62%
Romania 250,849 Timișoara
61%
Greece 54,562 Rhodes
60%
Greece 146,374 Larissa
57%
Croatia 75,535 Osijek
56%
Bulgaria 122,116 Ruse
55%
Kosovo 85,119 Prizren
52%
Albania 76,000 Shkodër
52%
Bosnia and Herzegovina 74,457 Tuzla
52%
Montenegro 15,868 Bar
51%
Slovenia 25,913 Koper
51%
Greece 39,673 Corfu
49%
Albania 79,513 Vlorë
49%
North Macedonia 69,287 Bitola
48%
Romania 237,589 Brașov
48%
Serbia 146,315 Kragujevac
48%
North Macedonia 38,818 Ohrid
48%
Montenegro 20,168 Budva
47%
Serbia 88,752 Subotica
47%
Bosnia and Herzegovina 70,553 Zenica
45%
Romania 145,078 Arad
44%
Greece 88,226 Ioánnina
44%
Serbia 71,462 Novi Pazar
44%
Bulgaria 10,003 Novi Pazar
44%
Romania 217,851 Galați
43%
Slovenia 37,122 Celje
42%
Albania 78,703 Elbasan
42%
Greece 21,429 Kos
42%
Bulgaria 121,207 Stara Zagora
42%
North Macedonia 75,051 Kumanovo
40%
Montenegro 54,394 Nikšić
40%
Greece 127,441 Vólos
40%
Greece 59,476 Alexandroupoli
39%
Romania 234,140 Craiova
38%
Kosovo 48,962 Peje
38%
Romania 91,520 Satu Mare
37%
Romania 134,309 Sibiu
37%
Croatia 45,005 Slavonski Brod
37%
Greece 19,334 Sparta
37%
Bosnia and Herzegovina 39,690 Bihać
36%
Greece 63,419 Kalamáta
36%
Greece 90,185 Chanía
35%
Greece 51,948 Kavála
35%
Romania 183,105 Oradea
35%
Serbia 67,129 Zrenjanin
35%
Greece 30,817 Corinth
34%
Bulgaria 89,030 Pleven
34%
Serbia 69,598 Čačak
33%
Bulgaria 66,261 Pernik
33%
Bulgaria 59,331 Veliko Tǎrnovo
33%
Croatia 22,255 Vukovar
33%
Serbia 28,822 Bor
31%
Romania 154,686 Brăila
31%
Croatia 41,869 Karlovac
31%
Slovenia 37,605 Kranj
31%
Slovenia 23,984 Novo Mesto
31%
Montenegro 11,488 Ulcinj
31%
Bulgaria 33,742 Vidin
31%
Romania 136,087 Bacău
30%
Albania 36,496 Berat
30%
Montenegro 11,635 Bijelo Polje
30%
Montenegro 12,460 Cetinje
30%
Montenegro 10,259 Herceg Novi
30%
Romania 180,540 Ploiești
30%
Montenegro 10,894 Tivat
30%
Greece 58,749 Xánthi
30%
Bulgaria 62,346 Blagoevgrad
29%
Romania 103,481 Buzău
29%
Albania 55,845 Fier
29%
Serbia 54,091 Leskovac
29%
Croatia 31,115 Šibenik
29%
Bulgaria 78,627 Sliven
29%
North Macedonia 63,176 Tetovo
29%
Romania 108,759 Baia Mare
28%
Bosnia and Herzegovina 39,893 Brčko
28%
Bulgaria 70,411 Dobrič
28%
Albania 51,152 Korçë
28%
Serbia 73,401 Pančevo
28%
North Macedonia 63,308 Prilep
28%
Romania 65,624 Tulcea
28%
Serbia 50,954 Vranje
28%
Albania 19,836 Gjirokastër
27%
Kosovo 46,230 Mitrovicë
27%
Bulgaria 66,713 Šumen
27%
Romania 90,010 Botoșani
26%
Kosovo 42,628 Ferizaj
26%
Serbia 57,432 Kraljevo
26%
Serbia 53,746 Kruševac
26%
Bulgaria 35,468 Montana
26%
Croatia 11,629 Rovinj
26%
Serbia 59,261 Smederevo
26%
Greece 35,739 Chios
25%
Romania 141,275 Pitești
25%
Greece 58,398 Serres
25%
Serbia 41,814 Sombor
25%
North Macedonia 42,000 Štip
25%
Bulgaria 32,728 Tǎrgovište
25%
Romania 116,033 Târgu Mureș
25%
Bosnia and Herzegovina 22,987 Trebinje
25%
Croatia 36,187 Varaždin
25%
North Macedonia 40,664 Veles
25%
North Macedonia 32,814 Gostivar
24%
Romania 84,322 Suceava
24%
Bosnia and Herzegovina 41,121 Bijeljina
22%
Bosnia and Herzegovina 24,349 Doboj
22%
Bulgaria 63,776 Haskovo
22%
Greece 47,532 Lamía
22%
Serbia 34,942 Pirot
22%
Serbia 51,163 Šabac
22%
North Macedonia 15,009 Struga
22%
Greece 80,672 Chalcis
21%
Kosovo 54,239 Gjilan
21%
Greece 61,557 Kateríni
21%
Croatia 12,809 Makarska
21%
Albania 20,848 Pogradec
21%
Slovenia 17,880 Ptuj
21%
Romania 66,965 Târgoviște
21%
Greece 43,447 Dráma
20%
Serbia 24,450 Inđija
20%
Slovenia 11,653 Izola
20%
Serbia 34,892 Jagodina
20%
Greece 51,733 Komotiní
20%
Albania 15,510 Lezhë
20%
Serbia 36,764 Sremska Mitrovica
20%
Croatia 10,107 Trogir
20%
Serbia 48,539 Užice
20%
Serbia 56,059 Valjevo
20%
Bulgaria 48,406 Vraca
20%
Bosnia and Herzegovina 13,863 Cazin
19%
North Macedonia 11,735 Debar
19%
Bulgaria 30,620 Dimitrovgrad
19%
Romania 54,551 Giurgiu
19%
Kosovo 40,827 Gjakova
19%
Bulgaria 59,755 Jambol
19%
Serbia 42,530 Požarevac
19%
Bosnia and Herzegovina 27,970 Prijedor
19%
Bulgaria 28,234 Razgrad
19%
Croatia 27,859 Sisak
19%
Greece 61,607 Tríkala
19%
Romania 63,035 Vaslui
19%
Croatia 28,111 Vinkovci
19%
North Macedonia 15,156 Gevgelija
18%
Greece 12,549 Kastoriá
18%
North Macedonia 23,428 Kičevo
18%
Serbia 32,084 Kikinda
18%
Slovenia 10,972 Murska Sobota
18%
Greece 14,532 Nafplio
18%
Serbia 14,647 Negotin
18%
Bulgaria 54,652 Pazardžik
18%
Montenegro 16,419 Pljevlja
18%
Greece 19,308 Préveza
18%
North Macedonia 33,825 Strumica
18%
Romania 73,545 Târgu Jiu
18%
Bosnia and Herzegovina 11,082 Zvornik
18%
Greece 21,465 Árgos
17%
Serbia 11,930 Bačka Topola
17%
Croatia 16,875 Đakovo
17%
Greece 17,189 Flórina
17%
Greece 42,139 Kozáni
17%
Slovenia 12,892 Nova Gorica
17%
Croatia 16,867 Požega
17%
Greece 37,252 Rethymno
17%
Bosnia and Herzegovina 15,344 Travnik
17%
Greece 30,382 Tripoli
17%
Romania 64,227 Alba Iulia
16%
Romania 40,390 Alexandria
16%
Greece 15,042 Alexandria
16%
Croatia 24,392 Bjelovar
16%
Romania 58,211 Călărași
16%
Romania 53,113 Deva
16%
Bulgaria 41,401 Kǎrdžali
16%
Bulgaria 34,625 Kjustendil
16%
Croatia 22,262 Koprivnica
16%
Serbia 19,515 Loznica
16%
Croatia 55,313 Sesvete
16%
Romania 63,487 Slatina
16%
Croatia 30,036 Velika Gorica
16%
Croatia 13,486 Virovitica
16%
Serbia 31,946 Vršac
16%
Serbia 32,448 Zaječar
16%
Greece 12,150 Ágios Nikólaos
15%
Serbia 25,476 Bačka Palanka
15%
Croatia 15,078 Čakovec
15%
Romania 79,865 Drobeta-Turnu Severin
15%
Greece 12,294 Grevená
15%
Romania 50,457 Hunedoara
15%
North Macedonia 32,038 Kavadarci
15%
Bulgaria 14,770 Nesebǎr
15%
Serbia 11,928 Prijepolje
15%
Montenegro 10,581 Rožaje
15%
Romania 23,927 Sighișoara
15%
Bulgaria 27,270 Silistra
15%
Slovenia 25,396 Velenje
15%
Greece 21,799 Árta
13%
Serbia 19,492 Bečej
13%
Serbia 16,522 Ćuprija
13%
Greece 17,171 Édessa
13%
Bosnia and Herzegovina 12,882 Gračanica
13%
Slovenia 13,611 Jesenice
13%
North Macedonia 24,632 Kočani
13%
Bosnia and Herzegovina 10,732 Konjic
13%
Bulgaria 27,369 Loveč
13%
Croatia 13,971 Metković
13%
Serbia 22,346 Mladenovac
13%
Greece 31,714 Mytilene
13%
Romania 79,679 Piatra Neamț
13%
Romania 58,393 Reșița
13%
Croatia 16,911 Samobor
13%
Serbia 14,452 Senta
13%
Greece 21,546 Thebes
13%
Bosnia and Herzegovina 11,205 Visoko
13%
Greece 62,400 Agrinio
12%
Serbia 11,468 Bujanovac
12%
Romania 66,648 Focșani
12%
Kosovo 12,919 Fushë Kosovë
12%
Bosnia and Herzegovina 11,806 Goražde
12%
Greece 25,467 Mégara
12%
Serbia 13,172 Priboj
12%
Greece 25,152 Pýrgos
12%
Bosnia and Herzegovina 16,913 Sanski Most
12%
Serbia 12,618 Šid
12%
North Macedonia 11,728 Sveti Nikole
12%
Serbia 22,881 Arandelovac
11%
Romania 78,877 Bistrița
11%
Bosnia and Herzegovina 15,555 Bugojno
11%
Slovenia 13,115 Domžale
11%
Serbia 23,109 Gornji Milanovac
11%
Slovenia 13,774 Kamnik
11%
Albania 27,000 Lushnjë
11%
Romania 31,950 Mangalia
11%
North Macedonia 12,488 Negotino
11%
Bulgaria 16,525 Nova Zagora
11%
Greece 18,161 Orestiada
11%
Bulgaria 26,018 Petrič
11%
Serbia 14,219 Preševo
11%
Serbia 24,627 Prokuplje
11%
North Macedonia 14,460 Radoviš
11%
Romania 50,080 Sfântu Gheorghe
11%
Croatia 18,768 Zaprešić
11%
Serbia 14,613 Apatin
10%
Bulgaria 45,322 Asenovgrad
10%
Serbia 51,862 Borča
10%
Bosnia and Herzegovina 10,831 Foča
10%
Bulgaria 44,232 Gabrovo
10%
Bosnia and Herzegovina 13,691 Gradiška
10%
Bosnia and Herzegovina 11,796 Kakanj
10%
Greece 38,996 Kardítsa
10%
Bulgaria 41,657 Kazanlǎk
10%
Greece 23,180 Kilkís
10%
Bosnia and Herzegovina 10,005 Kozarska Dubica
10%
North Macedonia 13,481 Kriva Palanka
10%
Croatia 12,012 Kutina
10%
Serbia 25,380 Obrenovac
10%
Bosnia and Herzegovina 12,569 Pale
10%
Kosovo 23,453 Podujevë
10%
Romania 48,644 Roman
10%
Slovenia 11,740 Škofja Loka
10%
Serbia 20,345 Smederevska Palanka
10%
Croatia 20,996 Solin
10%
Serbia 18,522 Stara Pazova
10%
Greece 42,510 Veria
10%
Serbia 20,892 Vrbas
10%
Romania 52,359 Zalău
10%
Serbia 14,593 Aleksinac
9%
Romania 13,807 Calafat
9%
Croatia 10,522 Križevci
9%
Serbia 14,873 Kula
9%
Serbia 27,635 Lazarevac
9%
Bulgaria 15,959 Lom
9%
Romania 35,450 Lugoj
9%
Albania 13,251 Peshkopi
9%
Croatia 12,963 Petrinja
9%
Romania 93,151 Râmnicu Vâlcea
9%
Serbia 27,747 Ruma
9%
Croatia 10,771 Sinj
9%
Greece 10,564 Sitia
9%
Serbia 20,602 Surčin
9%
Bulgaria 16,497 Svilengrad
9%
Kosovo 27,272 Vushtrri
9%
Greece 10,118 Argostoli
8%
Romania 21,714 Caransebeș
8%
Bulgaria 26,527 Dupnic
8%
Bosnia and Herzegovina 12,764 Gradačac
8%
Kosovo 10,393 Kaçanik
8%
Greece 13,528 Kálymnos
8%
Albania 20,192 Kavajë
8%
Romania 39,505 Mediaș
8%
Romania 34,484 Miercurea Ciuc
8%
Serbia 22,349 Paraćin
8%
Serbia 15,621 Petrovaradin
8%
Bulgaria 13,378 Pomorie
8%
Greece 31,536 Ptolemaida
8%
Bulgaria 24,024 Samokov
8%
Bulgaria 23,649 Sandanski
8%
Serbia 17,998 Temerin
8%
Slovenia 13,620 Trbovlje
8%
Bulgaria 20,015 Velingrad
8%
Serbia 14,924 Vlasotince
8%
Bulgaria 18,595 Botevgrad
7%
Romania 20,586 Buftea
7%
Romania 15,088 Cernavodă
7%
Romania 25,977 Curtea de Argeș
7%
Romania 52,735 Florești
7%
Greece 13,608 Ierápetra
7%
Bulgaria 19,016 Karlovo
7%
Serbia 16,350 Knjaževac
7%
Romania 34,612 Medgidia
7%
Greece 12,953 Náfpaktos
7%
Serbia 16,115 Nova Pazova
7%
Romania 21,750 Otopeni
7%
Romania 31,044 Petroșani
7%
Kosovo 15,892 Rahovec
7%
Romania 26,490 Sebeș
7%
Romania 41,550 Slobozia
7%
Kosovo 10,422 Suharekë
7%
Romania 18,029 Târgu Neamț
7%
Romania 43,319 Turda
7%
Bosnia and Herzegovina 10,568 Vogošća
7%
Greece 16,842 Amaliada
6%
Romania 52,475 Bârlad
6%
Bosnia and Herzegovina 10,196 Bosanska Krupa
6%
Romania 27,574 Câmpulung
6%
Romania 18,957 Carei
6%
Romania 31,475 Dej
6%
Bosnia and Herzegovina 11,076 Derventa
6%
Croatia 11,097 Dugo Selo
6%
Bulgaria 12,550 Ihtiman
6%
Greece 20,150 Koropi
6%
Greece 12,213 Loutraki
6%
Greece 17,831 Náousa
6%
Romania 32,793 Sighetu Marmației
6%
Serbia 13,476 Trstenik
6%
Greece 10,026 Týrnavos
6%
Romania 13,380 Urziceni
6%
Serbia 14,609 Velika Plana
6%
Romania 21,307 Aiud
4%
Bulgaria 17,334 Ajtos
4%
Romania 15,642 Câmpulung Moldovenesc
4%
Romania 27,403 Caracal
4%
Romania 26,284 Făgăraș
4%
Serbia 18,011 Futog
4%
Bulgaria 17,623 Goce Delčev
4%
Bosnia and Herzegovina 10,542 Janja
4%
Serbia 28,483 Kaluđerica
4%
Bulgaria 14,537 Karnobat
4%
Croatia 10,202 Kastav
4%
Bulgaria 10,111 Kavarna
4%
Greece 21,469 Livadeia
4%
Greece 12,441 Missolonghi
4%
Romania 34,398 Năvodari
4%
Romania 31,335 Odorheiu Secuiesc
4%
Romania 53,434 Popești-Leordeni
4%
Bulgaria 12,507 Popovo
4%
Romania 24,292 Rădăuți
4%
Greece 13,605 Rafína
4%
Romania 29,774 Râmnicu Sărat
4%
Romania 15,920 Râșnov
4%
Romania 29,742 Reghin
4%
Greece 34,850 Salamina
4%
Romania 15,792 Salonta
4%
Greece 19,602 Thérmi
4%
Romania 19,597 Turnu Măgurele
4%
Romania 47,366 Voluntari
4%
Romania 12,589 Zimnicea
4%
Romania 15,178 Adjud
3%
Greece 31,380 Asprópyrgos
3%
Romania 12,690 Brad
3%
Romania 13,527 Corabia
3%
Romania 19,473 Cugir
3%
Romania 22,893 Dorohoi
3%
Romania 23,902 Fălticeni
3%
Romania 27,465 Fetești
3%
Greece 13,525 Gazi
3%
Romania 25,045 Huși
3%
Bosnia and Herzegovina 12,061 Lukavac
3%
Greece 10,391 Markopoulo
3%
Greece 16,904 Néa Mákri
3%
Romania 22,624 Oltenița
3%
Greece 22,689 Oraiokastro
3%
Romania 30,766 Pașcani
3%
Croatia 10,403 Podstrana
3%
Bulgaria 17,271 Sevlievo
3%
Bulgaria 24,592 Smoljan
3%
Romania 16,243 Târgu Secuiesc
3%
Romania 20,604 Târnăveni
3%
Romania 32,801 Tecuci
3%
Romania 12,578 Vatra Dornei
3%
Serbia 18,849 Veternik
3%
Romania 19,772 Vulcan
3%
Romania 14,329 Baia Sprie
2%
Romania 14,871 Breaza
2%
Romania 14,152 Buhuși
2%
Romania 28,993 Câmpina
2%
Romania 43,588 Chiajna
2%
Romania 20,534 Codlea
2%
Romania 19,996 Comănești
2%
Romania 15,617 Drăgășani
2%
Greece 26,412 Egio
2%
Greece 24,973 Eleusis
2%
Romania 15,031 Filiași
2%
Romania 12,583 Găești
2%
Romania 15,884 Gheorgheni
2%
Romania 19,873 Gherla
2%
Bulgaria 25,279 Gorna Orjahovica
2%
Bulgaria 11,708 Kostinbrod
2%
Bulgaria 10,820 Kozloduj
2%
Albania 12,654 Kuçovë
2%
Romania 18,699 Lupeni
2%
Romania 13,573 Marghita
2%
Romania 29,317 Mioveni
2%
Romania 28,534 Miroslava
2%
Romania 34,005 Onești
2%
Romania 16,825 Orăștie
2%
Romania 32,873 Pantelimon
2%
Greece 10,527 Porto Rafti
2%
Bulgaria 14,768 Rakovski
2%
Bulgaria 11,046 Razlog
2%
Serbia 19,434 Sremčica
2%
Romania 12,609 Toplița
2%
Romania 15,349 Vișeu de Sus
2%
Romania 21,624 Zărnești
2%
Greece 100,844 Acharnae
1%
Greece 10,492 Ágios Stéfanos
1%
Romania 17,239 Apahida
1%
Greece 21,922 Artemida
1%
Romania 16,114 Balș
1%
Romania 17,816 Blaj
1%
Romania 27,711 Borșa
1%
Romania 40,080 Bragadiru
1%
Romania 20,590 Câmpia Turzii
1%
Bulgaria 10,303 Červen Brjag
1%
Romania 14,762 Chitila
1%
Bulgaria 12,635 Čirpan
1%
Romania 22,277 Cisnădie
1%
Romania 20,014 Dumbrăvița
1%
Romania 13,278 Gura Humorului
1%
Bulgaria 15,658 Harmanli
1%
Greece 15,251 Hermoupolis
1%
Romania 14,414 Măgurele
1%
Greece 11,126 Mándra
1%
Romania 12,962 Mizil
1%
Romania 19,728 Moinești
1%
Romania 15,472 Moreni
1%
Romania 15,950 Motru
1%
Romania 14,616 Negrești-Oaș
1%
Bulgaria 13,384 Novi Iskǎr
1%
Romania 12,480 Ocna Mureș
1%
Greece 15,155 Paianía
1%
Greece 17,371 Pallíni
1%
Bulgaria 15,095 Panagjurište
1%
Greece 16,998 Peraía
1%
Romania 19,600 Petrila
1%
Bulgaria 11,579 Radomir
1%
Romania 22,294 Roșiori de Vede
1%
Romania 30,920 Săcele
1%
Romania 17,492 Șelimbăr
1%
Romania 13,948 Șimleu Silvaniei
1%
Romania 15,931 Ștefănești
1%
Bulgaria 17,638 Svištov
1%
Bulgaria 16,999 Trojan
1%
Romania 15,143 Vicovu de Sus
1%
Bosnia and Herzegovina 16,157 Živinice Grad
1%
Greece 35,046 Áno Liósia
0%
Romania 16,722 Băicoi
0%
Romania 15,928 Băilești
0%
Bulgaria 11,487 Bankja
0%
Romania 12,949 Bocșa
0%
Albania 10,862 Burelë
0%
Romania 17,254 Ciurea
0%
Romania 14,757 Cumpăna
0%
Greece 10,204 Diavatá
0%
Romania 16,875 Dobroești
0%
Romania 22,270 Giroc
0%
Greece 15,483 Kalývia Thorikoú
0%
Romania 14,757 Luduș
0%
Kosovo 13,876 Matiçan
0%
Romania 16,424 Moșnița Nouă
0%
Bulgaria 11,088 Pǎrvomaj
0%
Bulgaria 12,647 Peštera
0%
Romania 12,953 Pucioasa
0%
Bulgaria 10,179 Radnevo
0%
Romania 14,510 Valea Lupului
0%
Romania 16,617 Valu lui Traian
0%
Greece 28,757 Yannitsa
0%
No matching quizzes found
Score Distribution
Percent of People with Each Score
Percentile by Number Answered
Your Score History
You have not taken this quiz